[Event "Oslo Sveins op 10th"]
[Site "Oslo"]
[Date "2017.06.27"]
[Round "8"]
[White "Chachkes, George D"]
[Black "Kizatbay, Abyl"]
[Result "0-1"]
[WhiteElo "1681"]
[BlackElo "2134"]
[PlyCount "96"]
[EventDate "2017.06.23"]
[EventType "swiss"]
[EventRounds "9"]
[EventCountry "NOR"]
[SourceTitle "CBM 179 Extra"]
[Source "ChessBase"]
[SourceDate "2017.08.23"]
[SourceVersion "1"]
[SourceVersionDate "2017.08.23"]
[SourceQuality "1"]

1. d4 Nf6 2. c4 g6 3. Nc3 d5 4. Bg5 Ne4 5. Bh4 Nxc3 6. bxc3 dxc4 7. e4 Bg7 8. Bxc4 c5 9. Nf3 0-0 10. Rc1 cxd4 11. cxd4 Bg4 12. d5 Nd7 13. h3 Bxf3 14. Qxf3 Qa5+ 15. Ke2 b5 16. Bb3 Ne5 17. Qc3 b4 18. Qe3 Qa6+ 19. Kd2 e6 20. f4 Bh6 21. Bf6 Nd7 22. Be7 e5 23. g3 Rfe8 24. d6 exf4 25. gxf4 Rxe7 26. dxe7 Qd6+ 27. Ke2 Bxf4 28. Bxf7+ Kxf7 29. Rhf1 g5 30. Qb3+ Kxe7 31. Rcd1 Qc5 32. Qd3 Ne5 33. Qb3 Rc8 34. Rf2 Qc4+ 35. Qxc4 Rxc4 36. Rd5 Rxe4+ 37. Kf1 Nc4 38. Rb5 h5 39. Kg2 a5 40. h4 gxh4 41. Rxh5 Bg3 42. Rf3 Re2+ 43. Kh3 Rh2+ 44. Kg4 Ne5+ 45. Rxe5+ Bxe5 46. Rf5 Ke6 47. Rh5 Rxa2 48. Rxh4 b3 0-1

[Event "Oslo Sveins op 10th"]
[Site "Oslo"]
[Date "2017.06.25"]
[Round "5"]
[White "Hansen, Lars Henrik Bech"]
[Black "Chachkes, George D"]
[Result "1/2-1/2"]
[WhiteElo "2019"]
[BlackElo "1681"]
[PlyCount "35"]
[EventDate "2017.06.23"]
[EventType "swiss"]
[EventRounds "9"]
[EventCountry "NOR"]
[SourceTitle "CBM 179 Extra"]
[Source "ChessBase"]
[SourceDate "2017.08.23"]
[SourceVersion "1"]
[SourceVersionDate "2017.08.23"]
[SourceQuality "1"]

1. e4 e5 2. Nf3 Nc6 3. d4 exd4 4. Bc4 Nf6 5. 0-0 Nxe4 6. Re1 d5 7. Bxd5 Qxd5 8. Nc3 Qd8 9. Nxe4 Be7 10. Bg5 0-0 11. Bxe7 Qxe7 12. Nxd4 Nxd4 13. Qxd4 Rd8 14. Qc3 c6 15. Ng3 Be6 16. Re3 Rd5 17. Rae1 Qc5 18. Ne4 1/2-1/2